000
00292nam a22001337a 4500
008
170502b xxu||||| |||| 00| 0 eng d
020
_a
9781416023142
041
_a
eng
080
_2
5 ED
_a
342
100
_a
13
101
_a
SHJ
245
_a
PO;ICY POLITICS
_c
MASON.D.J
942
_2
udc
_c
BK
999
_c
12365
_d
12365